Welcome to the Holygrace Academy Library

Please use search bar below to get started

ANIMAL ARK (Record no. 5763)

MARC details
000 -LEADER
fixed length control field 00343nam a22001577a 4500
020 ## - INTERNATIONAL STANDARD BOOK NUMBER
ISBN 0-439-23018-7
082 ## - DEWEY DECIMAL CLASSIFICATION NUMBER
Classification number 823
Item number BAG/G
100 ## - MAIN ENTRY--AUTHOR NAME
Personal name BAGLIO, BEN.M
245 ## - TITLE STATEMENT
Title ANIMAL ARK
246 ## - VARYING FORM OF TITLE
Title proper/short title GUINEA PIG IN THE GARAGE
260 ## - PUBLICATION, DISTRIBUTION, ETC. (IMPRINT)
Place of publication UK
Name of publisher SCOLASTIC INC
Year of publication 1996
300 ## - PHYSICAL DESCRIPTION
Number of Pages 125
520 ## - SUMMARY, ETC.
Summary, etc SHORT STORY
650 ## - SUBJECT ADDED ENTRY--TOPICAL TERM
Topical Term SHORT STORY
942 ## - ADDED ENTRY ELEMENTS (KOHA)
Koha item type Books
Holdings
Withdrawn status Lost status Collection code Home library Current library Shelving location Date acquired Source of acquisition Full call number Accession Number Koha item type
    Fiction Main Library Main Library SHELF 4-B ANIMAL ARK 12/09/2012 Purchase 823 BAG/G 00127 Books